[Event "Civil Service Ch 22nd"]
[Site "Leeds"]
[Date "2012.07.20"]
[Round "5.1"]
[White "Bowers, Francis J"]
[Black "Brusey, Alan W"]
[Result "1/2-1/2"]
[WhiteElo "2114"]
[BlackElo "2042"]
[PlyCount "110"]
[EventDate "2012.07.18"]
[EventType "swiss"]
[EventRounds "5"]
[EventCountry "ENG"]
[SourceTitle "BritBase"]
[Source "John Saunders"]
[SourceDate "2024.12.03"]
[SourceVersion "1"]
[SourceVersionDate "2024.12.03"]
[SourceQuality "1"]

1. e4 e6 2. d4 d5 3. Nc3 Bb4 4. Qg4 Nf6 5. Qxg7 Rg8 6. Qh6 dxe4 7. Bg5 Rg6 8. Bxf6 Qxf6 9. Qe3 c5 10. O-O-O cxd4 11. Qxd4 Qxd4 12. Rxd4 Bxc3 13. Rc4 $11 Bxb2+ 14. Kxb2 Bd7 15. Rxe4 Bc6 16. Rh4 Rxg2 17. Nh3 Rg7 18. Rg1 Rxg1 19. Nxg1 Ke7 20. Rxh7 $11 Nd7 21. Ne2 Rg8 22. Bh3 Nf6 23. Rh4 Ne4 24. f4 Nf2 25. Bf1 Nd1+ 26. Kc1 Ne3 27. Bh3 Be4 28. Kd2 Nc4+ 29. Ke1 b5 30. c3 $11 Bd3 31. Bg4 Ne3 32. Kd2 Ng2 33. Rh6 Rxg4 34. Kxd3 Nxf4+ 35. Nxf4 Rxf4 36. Kc2 a6 37. Rh8 Ra4 38. Kb3 f5 39. h4 f4 40. Rg8 f3 41. Rg3 Rf4 42. Rg1 f2 43. Rf1 Kf6 44. Kc2 Kg6 45. Kd3 Kh5 46. Ke3 e5 47. a4 bxa4 48. c4 Kxh4 49. c5 Kg3 50. c6 Kg2 51. c7 Rf3+ 52. Ke2 Rc3 53. Rxf2+ Kg1 54. Rf1+ Kg2 55. Rf2+ Kg1 1/2-1/2

[Event "Civil Service Ch 22nd"]
[Site "Leeds"]
[Date "2012.07.20"]
[Round "5.2"]
[White "Thurlow, Kevin J"]
[Black "Ashby, Anthony C"]
[Result "1-0"]
[WhiteElo "2114"]
[BlackElo "2090"]
[PlyCount "57"]
[EventDate "2012.07.18"]
[EventType "swiss"]
[EventRounds "5"]
[EventCountry "ENG"]
[SourceTitle "BritBase"]
[Source "John Saunders"]
[SourceDate "2024.12.03"]
[SourceVersion "1"]
[SourceVersionDate "2024.12.03"]
[SourceQuality "1"]

1. c4 Nf6 2. Nc3 g6 3. d4 Bg7 4. g3 O-O 5. Bg2 d6 6. e3 Nc6 7. Nge2 Rb8 8. O-O a6 9. b3 e5 10. Bb2 Bd7 11. Rc1 Re8 12. Nd5 h5 13. h3 exd4 14. Nxd4 Nxd5 15. cxd5 Na7 16. Qc2 Rc8 17. Rfd1 Qe7 18. Nf3 c5 $11 19. dxc6 Bxc6 20. Qd2 Bxb2 21. Qxb2 Rcd8 22. a4 Qd7 23. Qd4 Nc8 24. Ng5 Bxg2 25. Kxg2 Qf5 26. f4 d5 27. Rc7 Nd6 28. Kf3 f6 29. g4 {This game was awarded the Best Game Prize.} 1-0

[Event "Civil Service Ch 22nd"]
[Site "Leeds"]
[Date "2012.07.20"]
[Round "5.3"]
[White "Archer, Richard P"]
[Black "Maxwell, Alistair"]
[Result "1/2-1/2"]
[WhiteElo "2098"]
[BlackElo "2058"]
[PlyCount "27"]
[EventDate "2012.07.18"]
[EventType "swiss"]
[EventRounds "5"]
[EventCountry "ENG"]
[SourceTitle "BritBase"]
[Source "John Saunders"]
[SourceDate "2024.12.03"]
[SourceVersion "1"]
[SourceVersionDate "2024.12.03"]
[SourceQuality "1"]

1. d4 Nf6 2. Nf3 g6 3. Nc3 Bg7 4. e4 d6 5. Be2 O-O 6. O-O Bg4 7. h3 Bxf3 8. Bxf3 e5 9. d5 Ne8 10. Be2 f5 11. f4 Nd7 12. Bd3 exf4 13. exf5 g5 14. h4 1/2-1/2

[Event "Civil Service Ch 22nd"]
[Site "Leeds"]
[Date "2012.07.20"]
[Round "5.4"]
[White "Lewyk, Ihor"]
[Black "Greenacre, Kevin"]
[Result "1/2-1/2"]
[WhiteElo "2066"]
[BlackElo "1906"]
[PlyCount "99"]
[EventDate "2012.07.18"]
[EventType "swiss"]
[EventRounds "5"]
[EventCountry "ENG"]
[SourceTitle "BritBase"]
[Source "John Saunders"]
[SourceDate "2024.12.03"]
[SourceVersion "1"]
[SourceVersionDate "2024.12.03"]
[SourceQuality "1"]

1. Nf3 Nf6 2. d4 d5 3. e3 Bf5 4. c4 c6 5. Nc3 e6 6. c5 Be7 7. Bd3 Nbd7 8. Bxf5 exf5 9. O-O Ne4 10. Qc2 O-O 11. Ne1 Re8 12. b4 a5 13. Rb1 axb4 14. Rxb4 b6 15. Nd3 bxc5 16. dxc5 Nxc3 17. Qxc3 Rxa2 18. Bb2 Bf6 19. Qb3 Ra8 20. Rb1 Bxb2 21. Qxb2 Rb8 22. Qc2 Qc7 23. g3 g6 24. h4 Re4 25. Rxb8+ Nxb8 26. Qb2 Re8 27. h5 gxh5 28. Qf6 Re6 29. Qxf5 Nd7 30. Qxh5 Qd8 31. Ra1 Rg6 32. Ra7 Nf6 33. Qe5 Ne8 34. Nf4 Rg5 35. Qa1 h5 36. Qa6 d4 37. Qb7 Qf6 38. Qd7 Ng7 39. Qxd4 Qxd4 40. exd4 Nf5 41. d5 cxd5 42. c6 Nd6 43. Rd7 Nb5 44. Nxd5 h4 45. Kh2 hxg3+ 46. fxg3 Kg7 47. c7 Na7 48. Nf4 Kf6 49. Kh3 Rc5 50. Rd5 1/2-1/2

[Event "Civil Service Ch 22nd"]
[Site "Leeds"]
[Date "2012.07.20"]
[Round "5.5"]
[White "Bowering, Charles"]
[Black "Pickersgill, Adrian O"]
[Result "1/2-1/2"]
[WhiteElo "1914"]
[BlackElo "2170"]
[PlyCount "35"]
[EventDate "2012.07.18"]
[EventType "swiss"]
[EventRounds "5"]
[EventCountry "ENG"]
[SourceTitle "BritBase"]
[Source "John Saunders"]
[SourceDate "2024.12.03"]
[SourceVersion "1"]
[SourceVersionDate "2024.12.03"]
[SourceQuality "1"]

1. d4 d6 2. e4 Nf6 3. Nc3 c6 4. Bg5 Nbd7 5. Qd2 h6 6. Bh4 g5 7. Bg3 Nh5 8. f4 Nxg3 9. hxg3 Bg7 10. O-O-O g4 11. Rh4 Nf6 12. Bd3 Qa5 13. Kb1 Bd7 14. Nge2 O-O-O 15. Nd5 Qxd2 16. Nxe7+ Kb8 17. Rxd2 Rde8 18. Nf5 1/2-1/2

[Event "Civil Service Ch 22nd"]
[Site "Leeds"]
[Date "2012.07.20"]
[Round "5.6"]
[White "Murray, Stephen A"]
[Black "Parkes, Jack C"]
[Result "1/2-1/2"]
[WhiteElo "1842"]
[BlackElo "1810"]
[PlyCount "53"]
[EventDate "2012.07.18"]
[EventType "swiss"]
[EventRounds "5"]
[EventCountry "ENG"]
[SourceTitle "BritBase"]
[Source "John Saunders"]
[SourceDate "2024.12.03"]
[SourceVersion "1"]
[SourceVersionDate "2024.12.03"]
[SourceQuality "1"]

1. e4 d5 2. exd5 Nf6 3. Bb5+ Bd7 4. Be2 Nxd5 5. d4 Bf5 6. Nf3 e6 7. O-O Be7 8. a3 O-O 9. c4 Nb6 10. Nc3 c5 11. Be3 cxd4 12. Nxd4 Bg6 13. b4 Nc6 14. Nxc6 bxc6 15. c5 Qxd1 16. Rfxd1 Nd5 17. Nxd5 exd5 18. Ba6 Bc2 19. Rd2 Ba4 20. Bd4 Bg5 21. Re2 Rfe8 $11 22. Rae1 Rxe2 23. Rxe2 Bc1 24. Bb2 Bxb2 25. Rxb2 Re8 26. Kf1 Kf8 27. Re2 1/2-1/2